| 000 | 00804nam a2200229 u 4500 | ||
|---|---|---|---|
| 005 | 20240925063729.0 | ||
| 008 | 150610s2013 es r 000 0 spa d | ||
| 020 | _a9788499696713 | ||
| 035 | _aUPN01000204250 | ||
| 049 | _aCG | ||
| 050 | 4 |
_aLB1719 M6 _bF4.3 |
|
| 100 | 1 |
_aFernández Pérez, Jorge A. _937565 |
|
| 245 | 1 | 0 |
_aFormación y práctica docente : _bun estudio sobre egresados de posgrado/ _cJorge A. Fernández Pérez. |
| 260 |
_aMadrid : _bDíaz de Santos : _bBenemérita Universidad Autónoma de Puebla, _c2013. |
||
| 300 |
_a116 p. : _bgráfs., tablas |
||
| 440 | 0 | _aPensar la educación | |
| 650 | 4 |
_aMaestros _xFormación profesional _zMéxico _9796 |
|
| 650 | 4 |
_aMaestros universitarios _9894 |
|
| 650 | 4 |
_aMaestros _xFormación profesional _9804 |
|
| 905 | _aLibro | ||
| 999 |
_c176351 _d176351 |
||